Statistics for business and economics (Record no. 58356)

MARC details
000 -LEADER
fixed length control field 00881nam a2200241 a 4500
008 - FIXED-LENGTH DATA ELEMENTS--GENERAL INFORMATION
fixed length control field 120416s1991 ||||||||||||||||| || u
020 ## - INTERNATIONAL STANDARD BOOK NUMBER
International Standard Book Number 039396051X
050 ## - LIBRARY OF CONGRESS CALL NUMBER
Classification number HA 29 Man
100 ## - MAIN ENTRY--PERSONAL NAME
Personal name Mansfield, Edwin
245 10 - TITLE STATEMENT
Title Statistics for business and economics
246 ## - VARYING FORM OF TITLE
Title proper/short title methods and applications
250 ## - EDITION STATEMENT
Edition statement 4th ed.
260 ## - PUBLICATION, DISTRIBUTION, ETC.
Place of publication, distribution, etc. New York
Name of publisher, distributor, etc. W. W. Norton and Company
Date of publication, distribution, etc. 1991
300 ## - PHYSICAL DESCRIPTION
Extent xx, 689, 117 p. : ill.
350 ## - PRICE (NR) (BK AM CF MU VM SE) [OBSOLETE]
Price 0.00
500 ## - GENERAL NOTE
General note Bibliography.
650 ## - SUBJECT ADDED ENTRY--TOPICAL TERM
Topical term or geographic name entry element STATISTICS--HANDBOOKS, MANUALS, ETC
650 #0 - SUBJECT ADDED ENTRY--TOPICAL TERM
Topical term or geographic name entry element ECONOMICS--STATISTICAL METHODS
650 ## - SUBJECT ADDED ENTRY--TOPICAL TERM
Topical term or geographic name entry element SOCIAL SCIENCES--STATISTICAL METHODS--COMPUTER PROGRAM--EXERCISES, PROBLEMS, ETC
650 #3 - SUBJECT ADDED ENTRY--TOPICAL TERM
Topical term or geographic name entry element P0PULATION STATISTICS
650 #0 - SUBJECT ADDED ENTRY--TOPICAL TERM
Topical term or geographic name entry element COMMERCIAL STATISTICS
995 ## - RECOMMENDATION 995 [LOCAL, UNIMARC FRANCE]
-- 0.00
-- CBU-MAIN LIBRARY (Kitwe)
-- 1
-- 34.95
-- DAMAGED
-- Main Library Open Access Collection
Holdings
Withdrawn status Lost status Source of classification or shelving scheme Damaged status Not for loan Home library Current library Shelving location Date acquired Total Checkouts Full call number Barcode Date last seen Price effective from Koha item type
          CBU-MAIN LIBRARY, KITWE. CBU-MAIN LIBRARY, KITWE.   11/30/2022   HA 29 Man 021373 11/30/2022 11/30/2022 MONOGRAPH